Fundamentos de contabilidad: (Registro nro. 16772)

Detalles MARC
000 -Cabecera
Campo de control interno 01009nam a2200229Ia 4500
005 - Fecha y hora del registro
control field 20260420124138.0
008 - Elementos de Longitud Fija
fixed length control field 260306t2014||||xx |||||||||||||| ||und||
041 ## - Idioma
Codigo Idioma ESP
082 ## - DEWEY y NOTACIÓN INTERNA
Dewey 657
Notación Interna A47
100 ## - AUTOR
Autor denominación Alva, Edgar
Término de relación autor
245 #0 - TÍTULO DE MATERIAL BIBLIOGRÁFICO
Título Fundamentos de contabilidad:
Título paralelo un enfoque de diálogo con un lenguaje claro
260 ## - CIUDAD, EDITORIAL, AÑO
Año 2014
300 ## - DESCRIPCIÓN
N° Páginas 234 páginas :
Dimensiones 22 cm.
650 ## - TEMAS
Temas Generalidades
654 ## - PROGRAMAS
Programa Dpto. de Contabilidad
856 ## - URL - UBICACIÓN
URI/URL: Enlace exacto del recurso <a href="https://itmsp.museknowledge.com/UCSP?url=https://www.ebooks7-24.com:443/?il=9506&pg=1">https://itmsp.museknowledge.com/UCSP?url=https://www.ebooks7-24.com:443/?il=9506&pg=1</a>
Nota pública: Versión digital <a href="Versión digital (2019)">Versión digital (2019)</a>
856 ## - URL - UBICACIÓN
URI/URL: Enlace exacto del recurso <a href="https://0u213x7gr-y-https-ebooks7--24-com.itmsp.museknowledge.com/biblioteca.aspx">https://0u213x7gr-y-https-ebooks7--24-com.itmsp.museknowledge.com/biblioteca.aspx</a>
Nota pública: Versión digital <a href="Véase además: Base de datos Ebook7-24">Véase además: Base de datos Ebook7-24</a>
856 ## - URL - UBICACIÓN
URI/URL: Enlace exacto del recurso <a href="https://0u21cx7hf-y-https-www-legismovil-pe.itmsp.museknowledge.com/interm/InterUCSanPablo.htm">https://0u21cx7hf-y-https-www-legismovil-pe.itmsp.museknowledge.com/interm/InterUCSanPablo.htm</a>
Nota pública: Versión digital <a href="Véase además: Base de datos LegisMóvil">Véase además: Base de datos LegisMóvil</a>
856 ## - URL - UBICACIÓN
URI/URL: Enlace exacto del recurso <a href="https://0u23gx7hg-y-https-contadores360-pe.itmsp.museknowledge.com/">https://0u23gx7hg-y-https-contadores360-pe.itmsp.museknowledge.com/</a>
Nota pública: Versión digital <a href="Véase además: Base de datos Contadores 360">Véase además: Base de datos Contadores 360</a>
942 ## - ELEMENTOS DE KOHA
Tipo de documento Libro
Nombre del creador Justo Noguera
Código de catalogador Justo Noguera
Esquema de clasificación Dewey Decimal Classification
Existencias
Codigo completo Registro Colección Copia número Disponibilidad Tipo de préstamo Biblioteca Actual Procedencia (Biblioteca) Ubicacón Fecha Ingreso Tipo de Adquisición Date last seen Total checkouts Price effective from Tipo de Item Estado del Material Fuente de Clasificación Damaged status Withdrawn status
657 A47 1020881 Universidad Católica San Pablo 1 Disponible Disponible Víctor Andrés Belaunde Víctor Andrés Belaunde Primer piso 03/06/2026 Compra 06/03/2026   06/03/2026 Libro Bueno Dewey Decimal Classification